书目信息 |
| 题名: |
西窗法雨
|
|
| 作者: | 刘星 著 | |
| 分册: | ||
| 出版信息: | 北京 法律出版社 2002 |
|
| 页数: | 174 | |
| 开本: | 21cm | |
| 丛书名: | ||
| 单 册: | ||
| 中图分类: | D909.1 | |
| 科图分类: | ||
| 主题词: | 法的理论 , 法学 | |
| 电子资源: | ||
| ISBN: | 7-5036-4078-2 | |
| 000 | 00500nam0 2200193 450 | |
| 001 | 0760515518 | |
| 005 | 20070817164835.51 | |
| 010 | @a7-5036-4078-2@d¥10.00 | |
| 100 | @a20070817d km y0chiy0120 ea | |
| 101 | 0 | @achi |
| 200 | 1 | @a西窗法雨@Axi chuang fa yu@f刘星著@Fliu xing zhu |
| 210 | @a北京@c法律出版社@d2002 | |
| 215 | @a174@d21cm | |
| 606 | 0 | @a法的理论 |
| 606 | 0 | @a法学 |
| 690 | @aD909.1@v3 | |
| 701 | 0 | @a刘星@Aliu xing@4著 |
| 801 | 0 | @aCN@bPFT@c20070817 |
| 905 | @a213230@dD909.1@eg37@f1 | |
| 西窗法雨/刘星著.-北京:法律出版社,2002 |
| 174;21cm |
| ISBN 7-5036-4078-2:¥10.00 |
| ● |
| 相关链接 |
|
|
|
|
正题名:西窗法雨
索取号:D909.1/g37
 
预约/预借
| 序号 | 登录号 | 条形码 | 馆藏地/架位号 | 状态 | 备注 |
| 1 | 6502534 | 265025340 | 密集书库-海洋学院/ [索取号:D909.1/g37] | 在馆 |